[Event "World Amateur-ch U2000"]
[Site "Muscat"]
[Date "2023.11.09"]
[Round "8.17"]
[White "Yeruultei, Batbaatar"]
[Black "Hrebicek, Petr"]
[Result "1-0"]
[WhiteElo "1431"]
[BlackElo "1760"]
[PlyCount "47"]
[EventDate "2023.11.02"]
[EventType "swiss"]
[EventRounds "9"]
[EventCountry "OMN"]
[SourceTitle "CB46_2023"]
[SourceDate "2023.11.15"]
[SourceVersion "1"]
[SourceVersionDate "2023.11.15"]
[SourceQuality "1"]

1. d4 e6 2. c4 f5 3. g3 Nf6 4. Bg2 Be7 5. Nf3 d6 6. 0-0 0-0 7. Nc3 Ne4 8. Nxe4 fxe4 9. Ne1 d5 10. Be3 Nc6 11. Rc1 Bg5 12. Nc2 b6 13. Bxg5 Qxg5 14. Ne3 Bb7 15. h4 Qf6 16. cxd5 exd5 17. Nxd5 Qd6 18. Bxe4 Rae8 19. Bg2 Rf7 20. Ne3 Kh8 21. Qa4 Ref8 22. Bxc6 Rxf2 23. Bxb7 Qxg3+ 24. Ng2 1-0